| 000 | 00425nam a22001697a 4500 | ||
|---|---|---|---|
| 005 | 20240829131208.0 | ||
| 008 | 240829b |||||||| |||| 00| 0 eng d | ||
| 020 | _a0-593-04883-0 | ||
| 082 |
_bSMI-E _a712.5 |
||
| 100 | _aSmit, Tim | ||
| 245 |
_aEden/ _cby Tim Smit |
||
| 260 |
_aLondon : _bBantam Press ; _c2001. |
||
| 300 |
_a317 p. : _bill ; _c2001. |
||
| 500 | _aInclude index. | ||
| 650 | _aAgriculture | ||
| 999 |
_c36496 _d36496 |
||